[Event "Asian Continental-ch Open 2019"]
[Site "XingTai"]
[Date "2019.06.12"]
[Round "6.12"]
[White "Wan, Yunguo"]
[Black "Vaibhav, Suri"]
[Result "0-1"]
[WhiteElo "2531"]
[BlackElo "2599"]
[Annotator "ChessBase"]
[PlyCount "70"]
[EventDate "2019.06.06"]
[EventType "swiss"]
[EventCountry "CHN"]
[SourceTitle "playchess.com"]
[Source "ChessBase"]
[SourceQuality "1"]
[TimeControl "40/5400+30:1800+30"]

1. e4 {[%emt 0:00:00]} e6 {[%emt 0:00:01]} 2. d4 {[%emt 0:00:14]} d5 {[%emt 0:00:07]} 3. Nc3 {[%emt 0:00:05]} Nf6 {[%emt 0:00:20]} 4. e5 {[%emt 0:02:12]} Nfd7 {[%emt 0:00:07]} 5. f4 {[%emt 0:00:07]} c5 {[%emt 0:00:04]} 6. Nf3 {[%emt 0:00:06]} Nc6 {[%emt 0:00:12]} 7. Be3 {[%emt 0:00:08]} Be7 {[%emt 0:00:04]} 8. Qd2 {[%emt 0:02:00]} O-O {[%emt 0:00:16]} 9. dxc5 {[%emt 0:04:18]} Qa5 {[%emt 0:00:53]} 10. O-O-O {[%emt 0:02:35]} b6 {[%emt 0:01:06]} 11. Bb5 {[%emt 0:10:47]} Nb4 {[%emt 0:00:24]} 12. a3 {[%emt 0:07:07]} bxc5 {[%emt 0:00:03]} 13. Bxd7 {[%emt 0:03:58]} Bxd7 {[%emt 0:00:07]} 14. axb4 {[%emt 0:00:06]} cxb4 {[%emt 0:00:05]} 15. Nb1 {[%emt 0:00:05]} Rfc8 {[%emt 0:00:45]} 16. Nd4 {[%emt 0:07:05]} Qa2 {[%emt 0:01:05]} 17. Qd3 {[%emt 0:08:34]} a5 {[%emt 0:04:51]} 18. Nb5 {[%emt 0:06:49]} Bxb5 {[%emt 0:28:04]} 19. Qxb5 {[%emt 0:00:16]} a4 {[%emt 0:00:14]} 20. Bd4 {[%emt 0:12:29]} Rc4 {[%emt 0:14:49]} 21. Rd2 {[%emt 0:04:36]} Rac8 {[%emt 0:17:23]} 22. Rf1 {[%emt 0:12:07]} a3 {[%emt 0:02:23]} 23. Qb7 {[%emt 0:09:00]} Bf8 {[%emt 0:11:15]} 24. c3 {[%emt 0:01:29]} Qa1 {[%emt 0:00:48]} 25. bxa3 {[%emt 0:03:53]} bxc3 {[%emt 0:05:16]} 26. Rc2 {[%emt 0:00:33]} Bxa3+ {[%emt 0:03:50]} 27. Kd1 {[%emt 0:00:05]} Bb2 {[%emt 0:01:17]} 28. Ke2 {[%emt 0:01:08]} Qa4 {[%emt 0:00:02]} 29. Rxc3 {[%emt 0:01:41]} Bxc3 {[%emt 0:00:31]} 30. Bxc3 {[%emt 0:00:08]} Rxc3 {[%emt 0:02:53]} 31. Nxc3 {[%emt 0:00:06]} Qc2+ {[%emt 0:00:02]} 32. Ke1 {[%emt 0:00:19]} Rxc3 {[%emt 0:00:46]} 33. Qb8+ {[%emt 0:01:00]} Rc8 {[%emt 0:00:02]} 34. Qb4 {[%emt 0:00:08]} Ra8 {[%emt 0:01:16]} 35. Qd4 {[%emt 0:01:25]} Ra2 {[%emt 0:00:28]} 0-1

[Event "Asian Continental-ch Open 2019"]
[Site "XingTai"]
[Date "2019.06.12"]
[Round "6.13"]
[White "Vishnu Prasanna. V"]
[Black "Idani, Pouya"]
[Result "0-1"]
[WhiteElo "2511"]
[BlackElo "2597"]
[Annotator "ChessBase"]
[PlyCount "50"]
[EventDate "2019.06.06"]
[EventType "swiss"]
[EventCountry "CHN"]
[SourceTitle "playchess.com"]
[Source "ChessBase"]
[SourceQuality "1"]
[TimeControl "40/5400+30:1800+30"]

1. c4 {[%emt 0:00:00]} f5 {[%emt 0:00:00]} 2. b3 {[%emt 0:00:00]} e5 {[%emt 0:01:37]} 3. Bb2 {[%emt 0:00:19]} Nc6 {[%emt 0:00:30]} 4. e3 {[%emt 0:00:20]} Nf6 {[%emt 0:01:05]} 5. Nc3 {[%emt 0:00:53]} Be7 {[%emt 0:05:05]} 6. Nd5 {[%emt 0:02:18]} O-O {[%emt 0:00:15]} 7. a3 {[%emt 0:04:05]} d6 {[%emt 0:01:07]} 8. Nxe7+ {[%emt 0:04:25]} Qxe7 {[%emt 0:00:23]} 9. b4 {[%emt 0:06:54]} f4 {[%emt 0:02:26]} 10. Be2 {[%emt 0:04:50]} Qf7 {[%emt 0:09:45]} 11. Nf3 {[%emt 0:06:08]} fxe3 {[%emt 0:06:27]} 12. dxe3 {[%emt 0:03:41]} Qg6 {[%emt 0:04:02]} 13. b5 {[%emt 0:12:08]} Ne7 {[%emt 0:01:18]} 14. c5 {[%emt 0:05:55]} Ne4 {[%emt 0:03:13]} 15. cxd6 {[%emt 0:06:53]} Qxg2 {[%emt 0:13:20]} 16. Qb3+ {[%emt 0:05:53]} Kh8 {[%emt 0:00:14]} 17. dxe7 {[%emt 0:06:57]} Qxh1+ {[%emt 0:01:45]} 18. Bf1 {[%emt 0:00:09]} Be6 {[%emt 0:01:25]} 19. exf8=Q+ {[%emt 0:13:09]} Rxf8 {[%emt 0:00:05]} 20. Qc2 {[%emt 0:02:50]} Qxf3 {[%emt 0:00:20]} 21. Bxe5 {[%emt 0:00:11]} Nxf2 {[%emt 0:05:51]} 22. Bd4 {[%emt 0:00:35]} Qg4 {[%emt 0:12:18]} 23. Be5 {[%emt 0:06:41]} Ne4 {[%emt 0:02:24]} 24. Bf4 {[%emt 0:03:34]} Qh4+ {[%emt 0:00:25]} 25. Kd1 {[%emt 0:00:30]} Qf6 {[%emt 0:01:04]} 0-1

[Event "Asian Continental-ch Open 2019"]
[Site "XingTai"]
[Date "2019.06.12"]
[Round "6.14"]
[White "Zou, Chen"]
[Black "Yakubboev, Nodirbek"]
[Result "0-1"]
[WhiteElo "2415"]
[BlackElo "2587"]
[Annotator "ChessBase"]
[PlyCount "56"]
[EventDate "2019.06.06"]
[EventType "swiss"]
[EventCountry "CHN"]
[SourceTitle "playchess.com"]
[Source "ChessBase"]
[SourceQuality "1"]
[TimeControl "40/5400+30:1800+30"]

1. d4 {[%emt 0:00:00]} f5 {[%emt 0:03:10]} 2. Bg5 {[%emt 0:07:38]} h6 {[%emt 0:07:46]} 3. Bh4 {[%emt 0:00:27]} g5 {[%emt 0:00:05]} 4. e3 {[%emt 0:00:17]} Nf6 {[%emt 0:00:07]} 5. Bg3 {[%emt 0:00:05]} d6 {[%emt 0:00:03]} 6. Nd2 {[%emt 0:02:36]} Nc6 {[%emt 0:05:15]} 7. h4 {[%emt 0:11:48]} g4 {[%emt 0:02:04]} 8. Bb5 {[%emt 0:03:01]} a6 {[%emt 0:03:15]} 9. Ba4 {[%emt 0:03:04]} b5 {[%emt 0:07:49]} 10. Bb3 {[%emt 0:00:31]} Na5 {[%emt 0:00:05]} 11. Ne2 {[%emt 0:04:35]} Nxb3 {[%emt 0:10:55]} 12. Nxb3 {[%emt 0:02:02]} Bg7 {[%emt 0:09:34]} 13. Qd3 {[%emt 0:07:54]} O-O {[%emt 0:02:48]} 14. O-O-O {[%emt 0:02:14]} a5 {[%emt 0:06:15]} 15. d5 {[%emt 0:05:00]} Qe8 {[%emt 0:07:55]} 16. Nf4 {[%emt 0:01:59]} Qf7 {[%emt 0:03:33]} 17. Nd2 {[%emt 0:15:49]} b4 {[%emt 0:06:57]} 18. f3 {[%emt 0:03:43]} c6 {[%emt 0:06:41]} 19. e4 {[%emt 0:06:28]} fxe4 {[%emt 0:01:34]} 20. fxe4 {[%emt 0:00:31]} Ba6 {[%emt 0:00:28]} 21. Nc4 {[%emt 0:01:34]} cxd5 {[%emt 0:01:27]} 22. exd5 {[%emt 0:02:23]} Rfc8 {[%emt 0:00:45]} 23. b3 {[%emt 0:00:02]} a4 {[%emt 0:00:21]} 24. Qe2 {[%emt 0:13:49]} axb3 {[%emt 0:00:31]} 25. cxb3 {[%emt 0:00:16]} Bxc4 {[%emt 0:01:57]} 26. bxc4 {[%emt 0:00:01]} b3 {[%emt 0:01:24]} 27. Qd3 {[%emt 0:03:29]} bxa2 {[%emt 0:01:59]} 28. Kd2 {[%emt 0:01:24]} Nd7 {[%emt 0:01:28]} 0-1

[Event "Asian Continental-ch Open 2019"]
[Site "XingTai"]
[Date "2019.06.12"]
[Round "6.15"]
[White "Karthik Venkataraman"]
[Black "Sengupta, Deep"]
[Result "1/2-1/2"]
[WhiteElo "2499"]
[BlackElo "2559"]
[Annotator "TA"]
[PlyCount "134"]
[EventDate "2019.06.06"]
[EventType "swiss"]
[EventCountry "CHN"]
[SourceTitle "playchess.com"]
[Source "ChessBase"]
[SourceQuality "1"]

{[%evp 9,134,37,55,52,64,49,54,44,47,41,52,31,35,32,50,36,38,34,69,72,90,97,93,49,52,41,43,41,56,27,48,41,67,78,70,70,70,62,91,58,125,134,129,120,122,104,105,27,32,0,0,0,0,0,0,0,35,34,35,35,42,42,34,0,0,0,0,0,0,0,0,0,0,0,101,87,87,87,87,87,87,87,87,87,87,87,87,8,87,79,79,0,87,87,87,73,73,73,89,87,87,87,87,87,87,87,87,87,87,87,90,86,86,8,8,8,8,8,8,0,0,0,8,8,8,0,8]} 1. Nf3 Nf6 2. c4 d6 3. d4 Bg4 4. Nc3 g6 5. g3 (5. d5 Bg7 6. h3 Bxf3 7. exf3 c6 8. Be2 O-O 9. O-O Nbd7 10. Be3 Nb6 11. Rc1 Rc8 12. Bd4 cxd5 13. Bxf6 Bxf6 14. cxd5 {0-1 (34) Gajewski,G (2628)-Efimenko,Z (2650) Germany 2017}) 5... Bxf3 6. exf3 {A53: Old Indian Defence without Nf3} c6 7. d5 Bg7 8. Bh3 {White is slightly better.} Nbd7 9. O-O Nb6 $146 ({Predecessor:} 9... O-O 10. Qe2 Re8 11. Rd1 a6 12. Be3 cxd5 13. Nxd5 Nxd5 14. Rxd5 Qc7 15. Rc1 a5 16. Bxd7 Qxd7 17. b3 a4 {½-½ (29) Papin,V (2475)-Okhotnik,V (2399) Ordu 2018}) 10. Qd3 Nfd7 11. f4 Nc5 12. Qe2 O-O 13. Rd1 f5 14. Be3 {Bxc5 is the strong threat.} Bxc3 15. Bxc5 $1 Bf6 16. Bd4 cxd5 17. cxd5 Rc8 18. Bg2 Qd7 19. Rd3 Na4 20. Rad1 (20. h4 {with more complications.} Nc5 21. Rdd1 a6 22. Qe3 Rc7 23. Bf3) 20... Rc7 21. Bxf6 exf6 22. Re1 Rfc8 23. b3 Nb6 24. Qb2 Qf7 (24... Re8 $14 25. Rde3 Rxe3 26. Rxe3 (26. fxe3 Kg7 $11) 26... Qd8) 25. Qa3 $16 Re7 26. Red1 Nd7 27. Qxa7 ({Much weaker is} 27. Qxd6 $6 Nc5 $11) 27... Nc5 28. Rc3 (28. Rd4 $16) 28... Qe8 $1 $11 29. Rcc1 Ra8 $36 {[%mdl 2048] Black has the initiative.} 30. Qb6 Ra6 31. Qb4 Rxa2 32. Qc3 Ree2 33. Re1 {[#]} Rac2 $1 {[%mdl 512]} 34. Rxe2 (34. Rxc2 Rxe1+) 34... Rxc1+ 35. Qxc1 Qxe2 36. b4 (36. Bf1 $5 {[%cal Rf1e2]} Qa2 37. Qe3 $14) 36... Nb3 37. Qc8+ Kg7 38. Qxb7+ Kh6 39. Bf1 Qe4 $1 40. Qb5 Nd2 {And now ...Nf3+ would win.} 41. Be2 g5 (41... Qd4 $11 {remains equal.}) 42. fxg5+ fxg5 43. Qd3 Qxb4 44. Qxf5 {[%cal Rf5f6]} Qb1+ 45. Qxb1 Nxb1 $16 {[%mdl 4096] Endgame KB-KN} 46. Kg2 Nc3 47. Bc4 Kg6 48. Kf3 ({White should try} 48. f3 $16) 48... Kf6 (48... h5 $1 $11 {keeps the balance.}) 49. Kg4 Nd1 50. Kf3 (50. Be2 $5 {[%cal Re2d1]} Nc3 51. Bd3 $16) 50... Nc3 51. Bb3 h6 52. Kg4 Kg6 53. f4 Kf6 54. Bc4 Nd1 {[#] Threatens to win with ...Ne3+.} 55. Kf3 $1 Nc3 56. Bb3 Kf5 57. Bc2+ Kf6 {[#]} 58. Be4 $1 Kg7 59. Ke3 Kf6 60. Bf3 Kf5 61. fxg5 (61. h3 $16) 61... hxg5 $11 {The position is equal.} 62. Kd3 $1 {[%cal Rd3c3]} Nb5 63. Kc4 Nc7 64. Bh5 Ke5 65. Bf7 Kf6 66. Bg8 Ke5 67. h3 Ne8 {Accuracy: White = 62%, Black = 65%.} 1/2-1/2

[Event "Asian Continental-ch Open 2019"]
[Site "XingTai"]
[Date "2019.06.12"]
[Round "6.16"]
[White "Aryan Chopra"]
[Black "Ma, Zhonghan"]
[Result "1-0"]
[WhiteElo "2553"]
[BlackElo "2488"]
[Annotator "ChessBase"]
[PlyCount "47"]
[EventDate "2019.06.06"]
[EventType "swiss"]
[EventCountry "CHN"]
[SourceTitle "playchess.com"]
[Source "ChessBase"]
[SourceQuality "1"]
[TimeControl "40/5400+30:1800+30"]

1. e4 {[%emt 0:00:00]} c5 {[%emt 0:00:00]} 2. Nf3 {[%emt 0:00:00]} d6 {[%emt 0:00:00]} 3. d4 {[%emt 0:00:00]} cxd4 {[%emt 0:00:00]} 4. Nxd4 {[%emt 0:00:00]} Nf6 {[%emt 0:00:00]} 5. Nc3 {[%emt 0:00:00]} a6 {[%emt 0:00:00]} 6. h4 {[%emt 0:00:40]} e5 {[%emt 0:13:39]} 7. Nb3 {[%emt 0:00:07]} Be6 {[%emt 0:00:04]} 8. f4 {[%emt 0:02:51]} exf4 {[%emt 0:10:23]} 9. Bxf4 {[%emt 0:00:12]} Nc6 {[%emt 0:00:02]} 10. h5 {[%emt 0:13:45]} h6 {[%emt 0:18:33]} 11. Qd2 {[%emt 0:14:26]} d5 {[%emt 0:04:21]} 12. O-O-O {[%emt 0:11:36]} Nxe4 {[%emt 0:14:48]} 13. Nxe4 {[%emt 0:00:15]} dxe4 {[%emt 0:00:02]} 14. Qe3 {[%emt 0:02:07]} Qc8 {[%emt 0:05:01]} 15. Qxe4 {[%emt 0:05:15]} Be7 {[%emt 0:00:01]} 16. Bd3 {[%emt 0:04:42]} Nb4 {[%emt 0:01:32]} 17. Nd4 {[%emt 0:02:22]} Nxa2+ {[%emt 0:10:14]} 18. Kb1 {[%emt 0:00:10]} Nb4 {[%emt 0:00:01]} 19. Nxe6 {[%emt 0:02:12]} Qxe6 {[%emt 0:00:33]} 20. Qxe6 {[%emt 0:00:09]} fxe6 {[%emt 0:00:01]} 21. Bg6+ {[%emt 0:00:11]} Kf8 {[%emt 0:00:05]} 22. Rhf1 {[%emt 0:08:20]} Nd5 {[%emt 0:01:31]} 23. Rxd5 {[%emt 0:00:23]} exd5 {[%emt 0:20:39]} 24. Bd6+ {[%emt 0:00:05]} 1-0

[Event "Asian Continental-ch Open 2019"]
[Site "XingTai"]
[Date "2019.06.12"]
[Round "6.17"]
[White "Xu, Yi"]
[Black "Laylo, Darwin"]
[Result "1/2-1/2"]
[WhiteElo "2526"]
[BlackElo "2433"]
[Annotator "ChessBase"]
[PlyCount "88"]
[EventDate "2019.06.06"]
[EventType "swiss"]
[EventCountry "CHN"]
[SourceTitle "playchess.com"]
[Source "ChessBase"]
[SourceQuality "1"]
[TimeControl "40/5400+30:1800+30"]

1. e4 {[%emt 0:00:00]} d5 {[%emt 0:00:00]} 2. exd5 {[%emt 0:00:00]} Qxd5 {[%emt 0:00:00]} 3. Nc3 {[%emt 0:00:00]} Qd6 {[%emt 0:00:00]} 4. d4 {[%emt 0:00:00]} Nf6 {[%emt 0:00:01]} 5. Nf3 {[%emt 0:00:04]} a6 {[%emt 0:00:18]} 6. g3 {[%emt 0:00:25]} Bg4 {[%emt 0:00:08]} 7. h3 {[%emt 0:01:22]} Bh5 {[%emt 0:00:48]} 8. Bg2 {[%emt 0:00:42]} Nc6 {[%emt 0:00:26]} 9. O-O {[%emt 0:03:36]} O-O-O {[%emt 0:01:31]} 10. Bf4 {[%emt 0:03:06]} Qb4 {[%emt 0:07:21]} 11. g4 {[%emt 0:08:03]} Bg6 {[%emt 0:01:47]} 12. a3 {[%emt 0:01:54]} Qxb2 {[%emt 0:04:13]} 13. Qe1 {[%emt 0:08:11]} e6 {[%emt 0:07:22]} 14. Ne5 {[%emt 0:01:50]} Nd5 {[%emt 0:00:57]} 15. Nxd5 {[%emt 0:00:59]} exd5 {[%emt 0:00:02]} 16. Nxc6 {[%emt 0:00:12]} bxc6 {[%emt 0:00:02]} 17. Bg5 {[%emt 0:00:45]} f6 {[%emt 0:16:30]} 18. Qe6+ {[%emt 0:04:40]} Rd7 {[%emt 0:01:19]} 19. Rab1 {[%emt 0:02:31]} Qxc2 {[%emt 0:00:57]} 20. Bf4 {[%emt 0:16:29]} Bd6 {[%emt 0:05:33]} 21. Bxd6 {[%emt 0:03:27]} Re8 {[%emt 0:00:07]} 22. Rb8+ {[%emt 0:02:30]} Kxb8 {[%emt 0:00:02]} 23. Qxd7 {[%emt 0:00:18]} cxd6 {[%emt 0:00:14]} 24. h4 {[%emt 0:03:55]} Re2 {[%emt 0:05:38]} 25. Bf3 {[%emt 0:03:43]} Rd2 {[%emt 0:11:47]} 26. Re1 {[%emt 0:03:55]} Be4 {[%emt 0:00:13]} 27. Qxd6+ {[%emt 0:01:00]} Kb7 {[%emt 0:00:23]} 28. Qb4+ {[%emt 0:01:15]} Ka7 {[%emt 0:01:57]} 29. Qe7+ {[%emt 0:01:57]} Kb6 {[%emt 0:03:16]} 30. Qb4+ {[%emt 0:08:04]} Ka7 {[%emt 0:00:09]} 31. a4 {[%emt 0:15:45]} Qb2 {[%emt 0:17:10]} 32. Qe7+ {[%emt 0:01:25]} Qb7 {[%emt 0:00:41]} 33. Qc5+ {[%emt 0:00:44]} Qb6 {[%emt 0:01:24]} 34. Qe7+ {[%emt 0:00:08]} Qb7 {[%emt 0:00:05]} 35. Qc5+ {[%emt 0:00:13]} Qb6 {[%emt 0:00:18]} 36. Bxe4 {[%emt 0:03:57]} Qxc5 {[%emt 0:00:10]} 37. dxc5 {[%emt 0:00:08]} dxe4 {[%emt 0:00:02]} 38. Rxe4 {[%emt 0:00:08]} Rd7 {[%emt 0:00:26]} 39. Kg2 {[%emt 0:01:32]} Kb7 {[%emt 0:01:51]} 40. Kg3 {[%emt 0:00:00]} Kc7 {[%emt 0:00:00]} 41. f3 {[%emt 0:05:14]} Rd5 {[%emt 0:01:48]} 42. Re7+ {[%emt 0:00:13]} Rd7 {[%emt 0:00:05]} 43. Re8 {[%emt 0:00:22]} Rd8 {[%emt 0:00:03]} 44. Re1 {[%emt 0:10:47]} Rd5 {[%emt 0:00:08]} 1/2-1/2

[Event "Asian Continental-ch Open 2019"]
[Site "XingTai"]
[Date "2019.06.13"]
[Round "7.1"]
[White "Gupta, Abhijeet"]
[Black "Karthikeyan, Murali"]
[Result "1-0"]
[WhiteElo "2606"]
[BlackElo "2593"]
[Annotator "TA"]
[PlyCount "141"]
[EventDate "2019.06.06"]
[EventType "swiss"]
[EventCountry "CHN"]
[SourceTitle "playchess.com"]
[Source "ChessBase"]
[SourceQuality "1"]

{[%evp 17,141,27,37,35,32,24,38,37,31,14,36,39,36,8,64,11,23,23,24,29,8,27,30,-32,10,10,42,0,0,0,0,0,0,0,14,-26,-19,-63,-8,-8,-8,-8,-8,-8,-8,-8,172,175,167,131,1581,1570,1347,199,199,195,199,199,179,180,179,179,193,193,193,188,296,295,401,401,528,518,491,487,458,458,458,456,458,444,424,444,572,458,572,444,444,444,444,441,441,441,575,435,413,413,433,398,29969,29970,29968,29970,29971,0,8,0,29971,29967,29967,29968,29968,29969,29969,29971,29971,29972,29972,29972,29972,29973,29973,29974,29974,29975,29982,29982]} 1. d4 Nf6 2. c4 g6 3. Nc3 Bg7 4. e4 d6 5. Nf3 O-O 6. h3 Na6 7. Bg5 Qe8 8. Be2 e5 9. d5 Nh5 10. g3 {E90: King's Indian: Classical: Early deviations and 6 h3} f5 11. exf5 Rxf5 {Hoping for ...e4.} (11... gxf5 12. Nh4 Nf6 13. Qc2 Nb4 14. Qd2 a5 15. a3 Na6 16. Qc2 Nc5 17. Be3 f4 18. Bxc5 dxc5 {0-1 (59) Bai,J (2586)-Adhiban,B (2672) Chengdu 2017}) 12. Be3 {aiming for g4.White is slightly better.} Rf8 13. Ng5 $146 ({Predecessor:} 13. Qd2 Nc5 14. Ng5 e4 15. Bxc5 dxc5 16. Ngxe4 Bf5 17. Nxc5 Qe7 {½-½ (58) Martin Sanchez,C (2452)-Lebedev,V (2484) ICCF email 2016}) 13... e4 $1 14. Qd2 ({Much worse is} 14. Ncxe4 h6 $17) 14... Nf6 15. O-O-O Nc5 (15... h6 $11 16. Ne6 Bxe6 17. dxe6 Kh7) 16. Kb1 (16. b4 $14 Na6 17. a3) 16... h6 $11 17. Ne6 Bxe6 18. dxe6 Qxe6 19. g4 Nfd7 20. Bxh6 (20. Nb5 $11 Rac8 21. Nxa7) 20... Bxh6 21. Qxh6 {Threatening Nd5.} Rxf2 22. h4 {Black should prevent h5.} (22. Qe3 $5 {[%cal Re3f2]} Raf8 23. b4 $11) 22... Qf6 23. Rdf1 Rxf1+ 24. Rxf1 Qg7 25. Qe3 Rf8 26. Rh1 Qe5 27. g5 Kg7 (27... Qf4 $15 28. Qd4 e3 29. Qxf4 Rxf4) 28. h5 gxh5 29. Rxh5 Rh8 30. Qh3 Rxh5 31. Qxh5 Qe6 $2 (31... c6 $11 {and Black is okay.}) 32. b4 $1 $18 {[%cal Rb4c5]} Nd3 {[#]} 33. Bg4 $1 {[%mdl 512]} Qxc4 $2 {[%mdl 8192]} (33... Qg6 $16) 34. Qh6+ Kf7 35. Qh7+ $2 (35. g6+ Kf6 36. g7+ Ke7 37. Qg5+ Nf6 38. Nd5+ $1 {[%mdl 576] Promotion} Qxd5 39. Qxd5 Nxd5 40. g8=Q) 35... Kf8 36. Qh8+ Qg8 37. Qxg8+ Kxg8 38. Bxd7 Nxb4 39. Nxe4 Kg7 40. Bf5 Nd5 41. Ng3 Nf4 (41... Kf7 {keeps fighting.} 42. Kb2 Ne7) 42. Kc2 a5 43. Kd2 b5 44. Ke3 Nd5+ 45. Ke4 Ne7 46. Nh5+ Kf7 47. Nf4 c6 48. Be6+ Kg7 49. Bd7 b4 50. Kd3 a4 51. Be8 Kf8 52. Bh5 c5 53. Bd1 a3 54. Kc4 Nc6 {intending ...Na5+.} 55. Kb5 Nd4+ 56. Ka4 $1 Kg7 57. Bb3 Nxb3 $2 (57... Nf3 $18 58. g6 Nd4) 58. Kxb3 {[%mdl 4096] Endgame KN-KP} Kf7 59. Kc4 Kg7 60. Kb3 $2 (60. Ne6+ {mates} Kg6 61. Nd8 Kf5 62. Nb7 d5+ 63. Kb3 c4+ 64. Kxb4 Kxg5 65. Nd6) 60... Kf7 $11 61. Kc4 $2 {[%mdl 8192]} (61. Nd5 $11 Kg6 62. Nf6 Kxg5 63. Ne4+ Kf5 64. Nxd6+ Ke5 65. Ne8) 61... Kg7 62. Nd5 {White mates.} Kg6 63. Nf6 Kf5 64. Ne8 d5+ {[#]} 65. Kb3 $1 Kxg5 66. Nc7 Kf4 67. Ne6+ {[%mdl 64] Double Attack} Ke3 68. Nxc5 d4 69. Kxb4 d3 {[#]} 70. Na4 $1 {[%cal Ra4c3]} Kd2 71. Kxa3 {Accuracy: White = 69%, Black = 54%.} 1-0

[Event "Asian Continental-ch Open 2019"]
[Site "XingTai"]
[Date "2019.06.13"]
[Round "7.2"]
[White "Firouzja, Alireza"]
[Black "Sethuraman, S.P."]
[Result "1/2-1/2"]
[WhiteElo "2682"]
[BlackElo "2613"]
[Annotator "TA"]
[PlyCount "99"]
[EventDate "2019.06.06"]
[EventType "swiss"]
[EventCountry "CHN"]
[SourceTitle "playchess.com"]
[Source "ChessBase"]
[SourceQuality "1"]

{[%evp 21,99,20,38,20,21,27,37,20,21,21,37,13,13,16,11,12,12,8,8,4,5,6,8,0,6,2,10,16,10,0,1,0,0,0,0,0,0,0,0,0,0,0,0,0,0,0,0,0,0,0,0,-10,-6,-6,0,0,0,0,0,0,0,0,0,-11,0,0,0,0,0,0,0,0,0,0,0,0,0,0,0,0]} 1. c4 Nf6 2. Nc3 c5 3. Nf3 Nc6 4. g3 d5 5. d4 e6 6. cxd5 Nxd5 7. Bg2 Nxc3 8. bxc3 cxd4 9. Nxd4 Nxd4 10. Qxd4 Qxd4 11. cxd4 Bd6 12. a4 {D41: Queen's Gambit Declined: Semi-Tarrasch with 5 cxd5} Rb8 13. a5 Bd7 {[#]} 14. O-O $146 {White is slightly better.} ({Predecessor:} 14. Be3 a6 15. O-O Bb5 16. Ra2 Ke7 17. Rc1 Rhd8 18. f4 Rd7 19. Kf2 Rc7 20. Rxc7+ Bxc7 {½-½ (130) Cheparinov,I (2709)-Anand,V (2773) St Petersburg 2018}) 14... Bb5 15. Re1 a6 16. Rb1 O-O {The position is equal.} 17. e4 Rfd8 18. Bg5 Rd7 19. d5 h6 20. Be3 exd5 21. exd5 Bc7 22. Ra1 Rbd8 23. Rec1 Be5 24. Rab1 Bc7 25. Ra1 Be5 26. Ra2 Rc7 27. Rd1 {Bb6 is the strong threat.} Rc3 28. Bb6 Bc7 29. Bd4 Rc4 30. Be3 Ra4 31. Rda1 Rxa2 32. Rxa2 Rd7 33. Ra1 Be5 34. Rc1 Rc7 35. Re1 Bd6 36. Bb6 Rc2 37. Bf3 Kf8 38. h4 Bc4 39. h5 Bb5 40. Kg2 Bc4 41. Be3 Bd3 42. g4 Ra2 43. Bb6 Rc2 44. Rd1 Bb5 45. Be4 Rc3 46. f3 Bd7 47. Rd2 Bb5 48. Rc2 Rxc2+ 49. Bxc2 Ke7 50. Kf2 {Accuracy: White = 72%, Black = 78%.} 1/2-1/2